000 00501cam a2200193ua 4500
020 _c32.60
041 _aeng
_h
082 _a530
_bDUN/TE
100 _aDuncan, J .
245 _aText book of physics : for students of science and engineering /
_cJ.Duncan.
_hTextual Documents
250 _a2 /
_b.
260 _a :
_bMacMillan and Company Limited ,
_c1957.
300 _a1063 ; .
365 _a32.60
504 _a
700 1 _aStarling, S.G .
942 _cBK
999 _c2002
_d2002